Statystyki dla Piłkarze Real'u Madryt

Kliknij tutaj aby rozwiązać quiz!

Ogólne statystyki

  • Ten quiz został rozwiązany 608 razy
  • Średni wynik to 16 z 24

Statystyki odpowiedzi

Piłkarze
Narodowość
Pozycja% Poprawnych
Luka ModricChorwacjaPomocnik
89%
David AlabaAustriaObrońca
86%
Jude BellinghamAngliaPomocnik
86%
Andriy LuninUkrainaBramkarz
85%
RodrygoBrazyliaNapastnik
85%
Toni KroosNiemcyPomocnik
84%
Antonio RüdigerNiemcyObrońca
83%
Federico ValverdeUrugwajPomocnik
83%
Éder MilitãoBrazyliaObrońca
80%
Thibaut CourtoisBelgiaBramkarz
78%
Vinicius JuniorBrazyliaNapastnik
77%
Eduardo CamavingaFrancjaPomocnik
76%
JoseluHiszpaniaNapastnik
70%
Arda GülerTurcjaPomocnik
69%
Kepa ArrizabalagaHiszpaniaBramkarz
69%
Ferland MendyFrancjaObrońca
66%
Daniel CarvajalHiszpaniaObrońca
64%
Aurélien TchouaméniFrancjaPomocnik
59%
Nacho FernándezHiszpaniaObrońca
56%
Brahim DíazHiszpaniaPomocnik
47%
Fran GarcíaHiszpaniaObrońca
39%
Dani CeballosHiszpaniaPomocnik
37%
Lucas VázquezHiszpaniaObrońca
36%
Nico PazArgentynaPomocnik
28%

Rozkład punktacji

Percentyl według liczby udzielonych odpowiedzi

Procent ludzi z każdym wynikiem

Twoja historia wyników

Nie rozwiązałeś tego quizu